Novel Techniques For Records Matching Process and De-Deuplication Using Rough Sets/ (Record no. 191293)

MARC details
000 -LEADER
fixed length control field 00672nam a22001937a 4500
005 - DATE AND TIME OF LATEST TRANSACTION
control field 20220824113153.0
010 ## - LCCN (DPL NO)
LC control number ENG-134620
020 ## - INTERNATIONAL STANDARD BOOK NUMBER
International Standard Book Number 9789390631308
Terms of availability 275.00
035 ## - SYSTEM CONTROL NUMBER
System control number EN-118152
037 ## - SOURCE OF ACQUISITION
Source of stock number/acquisition DBAD/PUB
082 ## - DEWEY DECIMAL CLASSIFICATION NUMBER
Classification number 600
100 ## - MAIN ENTRY--PERSONAL NAME
Personal name M, Ravikanth
245 ## - TITLE STATEMENT
Title Novel Techniques For Records Matching Process and De-Deuplication Using Rough Sets/
Statement of responsibility, etc Ravikanth M and Sampath Korra
260 ## - PUBLICATION, DISTRIBUTION, ETC. (IMPRINT)
Place of publication, distribution, etc Hyderabad
Name of publisher, distributor, etc Paramount Publishing House
Date of publication, distribution, etc 2021
270 ## - ADDRESS
Address A-531, H.No. 4-32-521, Phase-1, Allwyn Colony, Kukatpally
City Hyderabad
Telephone number 040-23161070
Postal code 500072
300 ## - PHYSICAL DESCRIPTION
Extent xi, 114p.
Dimensions 25cm(pbk)
700 ## - ADDED ENTRY--PERSONAL NAME
Personal name Korra, Sampath
942 ## - ADDED ENTRY ELEMENTS (KOHA)
Source of classification or shelving scheme Dewey Decimal Classification
Item type English Books
Classification part 600
Call number suffix RAV
Holdings
Withdrawn status Lost status Not for loan Collection code Home library Current library Date acquired Source of acquisition Cost, normal purchase price Full call number Barcode Copy number Cost, replacement price Koha item type
      Non-fiction Ashok Vihar Ashok Vihar 24/08/2022 DBAD/PUB 275.00 600 RAV EN-118152 1 275.00 English Books

© Delhi Public Library
Hit Counter
free hit counter